00840nam a22002057a 4500999001700000003000900017008004100026040007100067082001500138110003400153245007100187260003800258300004100296505010600337650001500443700004000458942001800498945002100516952009700537 c14103d14103AR-CdUCM190422b ||||| |||| 00| 0 spa d aMUNICIPALIDAD PROVINCIAL DEL CUSCOcBIBLIOTECA MUNICIPAL DEL CUSCO a305 /bP86 aCasa de la mujer CEPAM932770 aPrimer encuentro de mujeres de organizaciones barriales de Quito / aQuito :bEdiciones Guzman,c1984. a20 paginas ;bIlustraciones,c22 cm. aContenido : Participantes -- Objetivos -- La mujer -- La mujer compañera -- La mujer trabajadora... aMujer9143 aRodriguez, Lilia (Edición)932771 2ddccFOLLETOS awntsd2019-04-22 002ddc4070aSHbSHcCARTd2019-04-22g20.00o305 / P86pSH0000010831r2019-04-22yFOLLETOS